Normal view
MARC view
- Gurdeep, Raj
Entry Personal Name
001 - CONTROL NUMBER
- control field: 7868
003 - CONTROL NUMBER IDENTIFIER
- control field: OSt
005 - DATE AND TIME OF LATEST TRANSACTION
- control field: 20260213113643.0
008 - FIXED-LENGTH DATA ELEMENTS
- fixed length control field: 260213|| aca||aabn | a|a d
040 ## - CATALOGING SOURCE
- Original cataloging agency: OSt
- Transcribing agency: OSt
100 ## - HEADING--PERSONAL NAME
- Personal name: Gurdeep, Raj
670 ## - SOURCE DATA FOUND
- Source citation: Work cat.: (OSt)8952: Gurdeep, Raj ., Encyclopaedia of agricultural science, Vol 8 / , 1995.
